Cliquez sur un État des États-Unis Valide A-Z - Statistiques

Statistiques générales
  • Ce quiz a été pris 43 219 fois
  • Le résultat moyen est 9 sur 18
Réponses sur la Carte
Les réponses sont colorées sur une échelle allant du rouge au vert en fonction du pourcentage des utilisateurs qui les ont devinées à leur premier essai. Vous pouvez retrouver ces pourcentages ci-dessous.
 
Statistiques - réponses
Réponse % Correct
A
74%
C
73%
T
72%
F
70%
H
58%
N
58%
W
57%
M
55%
D
49%
O
44%
L
43%
I
40%
V
37%
G
36%
U
36%
K
34%
P
34%
R
32%
Aucun quiz correspondant
Distribution des résultats
% des personnes avec chaque résultat
Percentile par nombre de réponses
Votre historique - résultats
Vous n’avez pas pris ce quiz